ATHANASII KIRCHERI è Soc. JESU LATIUM. ID EST, NOVA & PARALLELA LATII tum VETERIS tum NOVI DESCRIPTIO. QUA Quaecunque vel Natura, vel Veterum Romanorum Ingenium admiranda effecit, Geographico-Historico-Physico Ratiocinio, juxta rerum gestarum, Temporumque seriem exponitur et enucleatur

Hlavní autor: Kircher, Athanasius, 1602-1680
Další autoři: Hooghe, Romeyn de, 1645-1708, Oliva, Giovanni Paolo, 1600-1681, Hyacinthus, Fr., Klement X., papež, 1590-1676, Bernardini, Agapito de, činný 17. století
Jazyk: Řečtina, starověká (do 1453)
Latina
Vydáno: AMSTELODAMI : Apud JOANNEM JANSSONIUM à WAESBERGE ;& Haeredes ELIZEI WEYERSTRAET, 1671
Témata:
Externí odkaz: Digitalizovaný dokument (Exemplář z Bavorské národní knihovny)
Fyzický popis: 20 nečíslovaných stran, 263 stran, 7 nečíslovaných stran, 28 nečíslovaných obrazových příloh ; 2°
Language note: Latinský text s řeckými slovy
Knihy
Uloženo v:
LEADER 03823nam a2200721 i 4500
001 mzk03001241238
003 CZ BrMZK
005 20180104131137.0
007 ta
008 180104s1671 ne abf fr|||||00| ||latod
040 |a BOA001  |b cze  |e rda 
041 0 |a lat  |a grc 
043 |a e-it--- 
072 7 |a 93/94  |x Dějiny (obecně)  |2 Konspekt  |9 8 
072 7 |a 094  |x Staré tisky  |2 Konspekt  |9 12 
080 |a 93/94  |2 MRF 
080 |a 91  |2 MRF 
080 |a 72  |2 MRF 
080 |a 025.171  |2 MRF 
080 |a (450)  |2 MRF 
080 |a (0.068)094  |2 MRF 
100 1 |a Kircher, Athanasius,  |d 1602-1680  |7 nlk20000083457  |4 aut 
245 1 0 |a ATHANASII KIRCHERI è Soc. JESU LATIUM. ID EST, NOVA & PARALLELA LATII tum VETERIS tum NOVI DESCRIPTIO. QUA Quaecunque vel Natura, vel Veterum Romanorum Ingenium admiranda effecit, Geographico-Historico-Physico Ratiocinio, juxta rerum gestarum, Temporumque seriem exponitur et enucleatur 
246 3 3 |a LATIUM. ID EST, NOVA & PARALLELA LATII tum VETERIS tum NOVI DESCRIPTIO 
246 3 8 |a Athanas Kircheri Latij veteris et novi descriptio 
264 1 |a AMSTELODAMI :  |b Apud JOANNEM JANSSONIUM à WAESBERGE ;  |b & Haeredes ELIZEI WEYERSTRAET,  |c 1671 
300 |a 20 nečíslovaných stran, 263 stran, 7 nečíslovaných stran, 28 nečíslovaných obrazových příloh ;  |c 2° 
336 |a text  |b txt  |2 rdacontent 
337 |a bez média  |b n  |2 rdamedia 
338 |a svazek  |b nc  |2 rdacarrier 
500 |a Výzdoba: Mědirytinový předtitul signovaný R. de Hooge fecit, nad impresem viněta, za titulním listem obrazová příloha (portrét papeže Klementa X.), iniciály, viněty, linky, mědirytiny v textu (mapy, architektura), 26 mědirytinových nečíslovaných příloh (mapy, plány, architektura, geografická znázornění), u strany 96 signovaná příloha Agapitus de Bernardinis Civis et Pictor Praenestinus 1668, text tištěn dvousloupcově 
500 |a Rozsah: [20], 263, [7] s., [28] obr. příl. 
546 |a Latinský text s řeckými slovy 
561 |a Provenience: [m.p] Ex [libr]ijs redibibus P. Caroli Anno 1682 Thomas AB 
561 |a Provenience: [m.p] Monasterii Braunensis O.S.B.T 
561 |a Provenience: [razítko] S.A.B. BRAUNAU 
561 |a Provenience: [razítko] SVK HK/1781 
563 |a Usňová vazba, dřevěné dsky potažené vepřovicí s rostlinným a ornamentálním slepotiskem v rámcích , v prostředním rámci ornament, na hřbetu rukou psaný název, ořízka natřená zelenou barvou, dvě kovové spony 
650 7 |a dějiny  |7 ph114390  |2 czenas 
650 7 |a geografie  |7 ph114618  |2 czenas 
650 7 |a architektura  |7 ph118586  |2 czenas 
650 7 |a historické knihovní fondy  |7 ph172933  |2 czenas 
651 7 |a Řím (Itálie)  |7 ge131746  |2 czenas 
655 7 |a staré tisky  |7 fd422076  |2 czenas 
700 1 |a Hooghe, Romeyn de,  |d 1645-1708  |7 jn20031125006  |4 egr 
700 1 |a Oliva, Giovanni Paolo,  |d 1600-1681  |7 mzk2008453548  |4 cns 
700 1 |a Hyacinthus, Fr.  |4 lso 
700 0 |a Klement  |b X.,  |c papež,  |d 1590-1676  |7 jo2010557957  |4 dte 
700 1 |a Bernardini, Agapito de,  |d činný 17. století  |7 ola2014819946  |4 ill 
856 4 2 |u http://reader.digitale-sammlungen.de/resolve/display/bsb11055357.html  |y Digitalizovaný dokument  |z Exemplář z Bavorské národní knihovny 
903 |a RP 
910 |a NAG950  |b B - XXII. A. 22,1 
978 |b Janssonius, Johannes I  |a Amsterdam  |c 1671 
978 |b Waesberge - dílna  |a Amsterdam  |c 1671 
978 |b Weyerstraten, Elizeus - dědici  |a Amsterdam  |c 1672 
981 1 |a Tomáš Sartorius,  |c OSB,  |d činný 1663-1700  |7 mzk2012714303  |8 1682 
982 0 |a Broumov - benediktinský klášter 
982 0 |a Hradec Králové - SVK 
984 |a Amsterdam  |b Nizozemsko 
985 |a 1651-1700 
990 |a BK 
991 |k broumov 
980 |c 001558  |g B - XXII. A. 22,1  |1 458950001558